Udyamita bikash: (Record no. 11058)

MARC details
000 -LEADER
fixed length control field 00571nam a22002057a 4500
005 - DATE AND TIME OF LATEST TRANSACTION
control field 20260515114851.0
008 - FIXED-LENGTH DATA ELEMENTS--GENERAL INFORMATION
fixed length control field 201118b ||||| |||| 00| 0 eng d
020 ## - INTERNATIONAL STANDARD BOOK NUMBER
International Standard Book Number 9789381064054
040 ## - CATALOGING SOURCE
Original cataloging agency IN-DiNC
Transcribing agency IN-DiNC
041 ## - LANGUAGE CODE
Language code of sung or spoken text asm
082 ## - DEWEY DECIMAL CLASSIFICATION NUMBER
Classification number 338.04
Item number KAL
100 ## - MAIN ENTRY--PERSONAL NAME
Personal name Kalita, Jiten Chandra
Relator term author
245 ## - TITLE STATEMENT
Title Udyamita bikash:
Remainder of title Dittio barkhik/
Statement of responsibility, etc. by Jiten Chandra Kalita
250 ## - EDITION STATEMENT
Edition statement 1st ed.
260 ## - PUBLICATION, DISTRIBUTION, ETC.
Place of publication, distribution, etc. Guwahati:
Name of publisher, distributor, etc. Bani mandir,
Date of publication, distribution, etc. 2012
300 ## - PHYSICAL DESCRIPTION
Extent 200p.
650 ## - SUBJECT ADDED ENTRY--TOPICAL TERM
Topical term or geographic name entry element Skill enhancement course
650 ## - SUBJECT ADDED ENTRY--TOPICAL TERM
Topical term or geographic name entry element Entrepreneurship development
942 ## - ADDED ENTRY ELEMENTS (KOHA)
Source of classification or shelving scheme Dewey Decimal Classification
Koha item type Books
Holdings
Withdrawn status Lost status Source of classification or shelving scheme Damaged status Not for loan Home library Current library Shelving location Date acquired Cost, normal purchase price Total checkouts Full call number Barcode Date last seen Date last checked out Copy number Price effective from Koha item type
    Dewey Decimal Classification     Naharkatiya College Library Naharkatiya College Library General stacks 11/18/2020 125.00 2 338.04 KAL 22904 06/23/2022 06/21/2022 1 11/18/2020 Books
    Dewey Decimal Classification     Naharkatiya College Library Naharkatiya College Library General stacks 11/18/2020 125.00 3 338.04 KAL 22905 03/30/2026 03/14/2026 2 11/18/2020 Books
    Dewey Decimal Classification     Naharkatiya College Library Naharkatiya College Library General stacks 11/18/2020 125.00 2 338.04 KAL 22906 10/05/2024 10/05/2024 3 11/18/2020 Books
    Dewey Decimal Classification     Naharkatiya College Library Naharkatiya College Library General stacks 11/18/2020 125.00 3 338.04 KAL 22907 05/10/2023 04/25/2023 4 11/18/2020 Books
    Dewey Decimal Classification     Naharkatiya College Library Naharkatiya College Library General stacks 11/18/2020 125.00 2 338.04 KAL 22908 09/06/2021 08/31/2021 5 11/18/2020 Books
    Dewey Decimal Classification     Naharkatiya College Library Naharkatiya College Library General stacks 11/18/2020 125.00 5 338.04 KAL 22909 04/01/2026 03/14/2026 6 11/18/2020 Books